LEADER 01677nam 2200397 n 450 001 996383521703316 005 20221108012821.0 035 $a(CKB)1000000000593715 035 $a(EEBO)2264191336 035 $a(UnM)99842847 035 $a(EXLCZ)991000000000593715 100 $a19910529d1615 uy | 101 0 $alat 135 $aurbn||||a|bb| 200 00$aAnnales rerum Anglicarum, et Hibernicarum, regnante Elizabetha, ad annum salutis M.D.LXXXIX. Guilielmo Camdeno authore$b[electronic resource] 210 $aLondini $cTypis Guilielmi Stansbij, impensis Simonis Watersoni, ad insigne Coronę in C?meterio Paulino$dM.DC.XV. [1615] 215 $a[8], 499, [23] p 300 $aBooks 1-3 only. 300 $aIncludes index. 300 $aRunning title reads: Elizabetha AngliƦ Regina. 300 $aB1 is a cancel. 300 $aWith a final errata leaf. 300 $aIdentified as STC 4496a on UMI microfilm reel 589. 300 $aReproductions of the originals in the Folger Shakespeare Library and the Henry E. Huntington Library and Art Gallery. 300 $aAppears at reel 589 (Folger Shakespeare Library copy) and at reel 1372 (Henry E. Huntington Library and Art Gallery copy). 330 $aeebo-0216 607 $aGreat Britain$xHistory$yElizabeth, 1558-1603$vEarly works to 1800 700 $aCamden$b William$f1551-1623.$0694594 801 0$bCu-RivES 801 1$bCu-RivES 801 2$bCStRLIN 801 2$bWaOLN 906 $aBOOK 912 $a996383521703316 996 $aAnnales rerum Anglicarum, et Hibernicarum, regnante Elizabetha, ad annum salutis M.D.LXXXIX. Guilielmo Camdeno authore$92407709 997 $aUNISA